| 000 | 01340nkm a2200301 i 4500 | ||
|---|---|---|---|
| 001 | 4334 | ||
| 003 | ES-MaACL | ||
| 005 | 20250713063019.0 | ||
| 007 | khrbo | ||
| 008 | 070709s1988 sp --- g |001||spa d | ||
| 100 | 0 |
_aAlfonso, _d1902-1990 _919858 |
|
| 245 | 1 | 0 |
_aMitos y leyendas en Irlanda y España [ _hFotografía] / _cAlfonso (sello). |
| 260 |
_a[S.l. : _bs.n.], _c1988. |
||
| 300 |
_a3 fot. : _bb. y n. ; _c12 x 18 cm. |
||
| 490 | 1 | _aPrimer seminario de la Asociación Cultural Hispano-Irlandesa | |
| 500 | _aDatos basados en invitación. | ||
| 511 | 0 | _aIntervienen: José Fradejas, Ramón Sainero Sánchez. | |
| 518 | _aActo organizado por el Ateneo de Madrid en colaboración con la Asociación Cultural Hispano-Irlandesa, celebrado en el salón de actos el sábado, 21 de mayo de 1988, a las 18:00 h. | ||
| 600 | 1 | 4 |
_aFradejas Lebrero, José. _952057 |
| 600 | 1 | 4 |
_aSainero, Ramón. _9101503 |
| 610 | 2 | 4 |
_aAteneo de Madrid- _xActos culturales- _y1988- _vFotografías. _91903 |
| 710 | 2 |
_aAteneo de Madrid. _91875 |
|
| 710 | 2 |
_aAsociación Cultural Hispano-Irlandesa. _91538 |
|
| 830 | 0 |
_aPrimer seminario de la Asociación Cultural Hispano-Irlandesa _9177036 |
|
| 852 |
_aES-MaACL _jFOT 148/1988 |
||
| 856 | 4 |
_uhttp://www.ateneodemadrid.net/biblioteca_digital/imagenes/1988/0148-1988.jpg _zVer imagen |
|
| 999 |
_c4334 _d4334 |
||